Wahrscheinlichkeitsrechnung

Salvato in:
Dettagli Bibliografici
Autore principale: Hilbert, Alfred
Natura: Libro
Lingua:tedesco
Pubblicazione: Leipzig Fachbuchverlag 1985
Edizione:2. Aufl.
Serie:Wir wiederholen
Tags: Aggiungi Tag
Nessun Tag, puoi essere il primo ad aggiungerne!!

MARC

LEADER 00000nam a2200000 4500
001 c023475
005 20221220082503.8
041 0 |a ger 
044 |a DE 
245 1 0 |a Wahrscheinlichkeitsrechnung  |c Alfred Hilbert 
250 |a 2. Aufl. 
264 1 |a Leipzig  |b Fachbuchverlag  |c 1985 
300 |a 111 s. 
490 1 |a Wir wiederholen 
830 0 |a Wir wiederholen 
100 1 |a Hilbert, Alfred